| 000 | 00601 a2200217 4500 | ||
|---|---|---|---|
| 005 | 20250201160950.0 | ||
| 008 | 250131b |||||||| |||| 00| 0 eng d | ||
| 020 |
_a9789360538415 _cRs. 895.00 |
||
| 040 | _aMAIN | ||
| 082 |
_a005.133 _bA96C(4) |
||
| 100 | _aForouzan, Behrouz A | ||
| 245 | _aComputer science: A structured programming approach in C | ||
| 250 | _a4th | ||
| 260 |
_bCengage Learning India _aDelhi _c2025 |
||
| 300 | _axvii, 883 | ||
| 650 | _aComputer Science | ||
| 650 | _aStructured Programming | ||
| 650 | _aComputer Language | ||
| 700 | _aAfyouni, Hassan | ||
| 942 | _cBK | ||
| 999 |
_c360752 _d360752 |
||